003180000a2200133000450000500170000010000150001724500570003226000310008930000100012004000080013065000220013865000140016065000100017420120302062435.0 a Marx,Karl a A Contribution to the Critioue of Political Economy aMoscow:Progress Pub.,1977. a264p. aENG aPolitical Science aEconomics aMoney